000 00477nam a2200181Ia 4500
999 _c27945
_d27945
003 OSt
005 20201228131425.0
008 190216s9999||||xx |||||||||||||| ||und||
020 _a9788171309412
040 _coclc
082 _a894.812301
_bANA/N
100 _aAnand
_96428
245 0 _aNalamathe Aani /
_cAnand
260 _bDc Books,
_aKottayam:
300 _a68p
650 _aKathakal
942 _cBK
_2ddc
_h894.812301
_iANA/N
_k894.812301
_mANA/N